Ciencias naturales: cuarto grado

Gespeichert in:
Bibliographische Detailangaben
Körperschaften: México. Secretaría de Educación Pública. Subsecretaría de Educación Básica y Normal. Dirección General de Materiales y Métodos Educativos., Comisión Nacional de Libros de Texto Gratuitos. (México)
Weitere Verfasser: Chamizo Guerrero, José Antonio (Projektleitung)
Format: Buch
Sprache:Spanisch
Erschienen: México : Secretaría de Educación Pública. Comisión Nacional de los Libros de Texto Gratuitos, 1997.
Katalog:MANES:  Suchergebnis im Bibliothekskatalog
Schulbuchspezifische Eigenschaften:
Schriftenreihe:Libro de texto gratuito
Tags: Tag hinzufügen
Keine Tags, Fügen Sie den ersten Tag hinzu!
Hinzugefügt zu:20.10.2005
Geändert in:08.05.2025

MARC

LEADER 00000cam a2200000 a 4500
003 OSt
005 20250508092038.0
008 051021n1997 mx 000 0 spa d
040 |a CINV  |c CINV 
050 0 4 |a LTG LB1585  |b M49 4º 1997 
051 0 4 |a LTG LB1585-M49 4º 1997 
110 2 |a México.  |b Secretaría de Educación Pública.  |b Subsecretaría de Educación Básica y Normal.  |b Dirección General de Materiales y Métodos Educativos.  |9 24461 
245 0 0 |a Ciencias naturales:  |b cuarto grado /  |c Coodinador José Antonio Chamizo Guerrero. 
260 |a México :  |b Secretaría de Educación Pública. Comisión Nacional de los Libros de Texto Gratuitos,  |c 1997. 
300 |a 175 p. ;  |c 26 cm. 
440 |a Libro de texto gratuito  |9 21882 
546 |a México 
561 |5 mx-CINVES  |a México. DIE-Cinvestav (Ciudad de México)  |k MANES 
691 0 |a PRI 
700 1 |a Chamizo Guerrero, José Antonio,  |e coord.  |9 45481 
710 2 |a Comisión Nacional de Libros de Texto Gratuitos. (México)  |9 24074 
910 |a E-34782  |b Don.- 1997  |a E-34783(ej.2) 
911 |a E-34782 
942 |2 ddc  |c BK 
999 |c 54913  |d 54913 
999 |c manes:54913  |d 54913